Practical data structures using C/C++ (Record no. 170830)

000 -LEADER
fixed length control field 00392nam a2200133Ia 4500
008 - FIXED-LENGTH DATA ELEMENTS--GENERAL INFORMATION
fixed length control field 220217s9999||||xx |||||||||||||| ||und||
020 ## - INTERNATIONAL STANDARD BOOK NUMBER
International Standard Book Number 0-13-280843-9
082 ## - DEWEY DECIMAL CLASSIFICATION NUMBER
Classification number 005.73 ANT
100 ## - MAIN ENTRY--PERSONAL NAME
Personal name Antonakos, James, L Mansfield, Kenneth, C
9 (RLIN) 3102
245 #0 - TITLE STATEMENT
Title Practical data structures using C/C++
260 ## - PUBLICATION, DISTRIBUTION, ETC.
Place of publication, distribution, etc. Prentice hall
Name of publisher, distributor, etc. New Jersey
Date of publication, distribution, etc. 1999
300 ## - PHYSICAL DESCRIPTION
Other physical details 850
650 ## - SUBJECT ADDED ENTRY--TOPICAL TERM
Topical term or geographic name entry element DATA STRUCTURES
Holdings
Withdrawn status Lost status Damaged status Not for loan Collection code Home library Current library Shelving location Date acquired Full call number Barcode Date last seen Price effective from Koha item type
        Computer Science and Engineering Central Library Central Library Reference 02/18/2022 005.73 ANT 6019 02/18/2022 02/18/2022 Books

Powered by Koha